000
002610000a22000970004500
100
1
_a
Añorga, Martín N.
245
1
0
_a
La resurrección y mis problemas personales
300
_a
Vol. 3, Núm 14 (1991), Páginas 18
773
0
_t
Impacto Presbiteriano
942
_c
ANA
999
_c
50980
_d
50980